| 000 | 00379nam a2200145Ia 4500 | ||
|---|---|---|---|
| 008 | 191201s2012 xx 000 0 und d | ||
| 082 |
_a621.3678 _bCHR |
||
| 100 | _aCHANDRA, AM | ||
| 245 | 0 | _aRemote Sensing and Geographical Information System | |
| 250 | _aRep | ||
| 260 |
_aN. Delhi _bNarosa Publication House _c2012 |
||
| 300 | _a298 | ||
| 650 | _aB.Tech(CE) | ||
| 942 |
_2ddc _cBK |
||
| 999 |
_c5406 _d5406 |
||